|
|
|
|
| LEADER |
01495nam a2200289 a 4500 |
| 001 |
1478930 |
| 008 |
091008s1988 maua b 101 0 eng d |
| 010 |
|
|
|a 87030834
|
| 020 |
|
|
|a 0865691703 :
|c $28.95
|
| 040 |
|
|
|a DLC
|c DLC
|d DLC
|
| 082 |
0 |
0 |
|a 362.1/09172/4
|2 19
|
| 245 |
0 |
0 |
|a Health, nutrition, and economic crises :
|b approaches to policy in the Third World /
|c edited by David E. Bell, Michael R. Reich.
|
| 260 |
|
|
|a Dover, Mass. :
|b Auburn House Pub. Co.,
|c c1988.
|
| 300 |
|
|
|a xx, 435 p. :
|b ill. ;
|c 25 cm.
|
| 500 |
|
|
|a "This volume is a result of the Second Takemi Symposium on International Health, held on May 20-22, 1986, at the Harvard School of Public Health in Boston, Massachusetts."--Pref.
|
| 504 |
|
|
|a Includes bibliographies and index.
|
| 541 |
1 |
|
|e 00004307
|
| 650 |
|
0 |
|a Medical economics
|z Developing countries
|x Congresses.
|
| 650 |
|
0 |
|a Nutrition
|x Economic aspects
|z Developing countries
|x Congresses.
|
| 650 |
|
0 |
|a Medical policy
|z Developing countries
|x Congresses.
|
| 650 |
|
0 |
|a Nutrition
|x Government policy
|z Developing countries
|x Congresses.
|
| 700 |
1 |
|
|a Bell, David E.,
|d 1919-
|
| 700 |
1 |
|
|a Reich, Michael,
|d 1950-
|
| 711 |
2 |
|
|a Takemi Symposium on International Health
|n (2nd :
|d 1986 :
|c Harvard University School of Public Health)
|
| 852 |
4 |
|
|a Ayesha Abed Library
|j General Shelf.
|
| 999 |
|
|
|c 4358
|d 4358
|
| 952 |
|
|
|0 0
|1 0
|2 ddc
|4 0
|6 362_109172400000000_HEA_1986
|7 0
|9 4051
|a BRACUL
|b BRACUL
|c GEN
|d 2009-10-10
|g 3920.00
|l 0
|o 362.1091724 HEA
|p 3010004307
|r 2009-10-10
|t 1
|w 2009-10-10
|y BK
|